MARC

LEADER 00000nam0a2200000 4500
001 271106
005 20231101234414.0
035 |a (RuTPU)RU\TPU\book\294287 
090 |a 271106 
100 |a 20141004d1986 m a0rusy5003 ca 
101 0 |a rus 
102 |a RU 
105 |a y j 001zy 
200 1 |a Вторичные энергетические ресурсы промышленности  |e лекция   |f М. А. Вяткин  |g Всесоюзный заочный политехнический институт 
210 |a Москва  |c Изд-во ЗПИ  |d 1986 
215 |a 44 с. 
320 |a Библиогр.: с. 42 (13 назв.) 
606 1 |a Промышленная энергетика  |2 stltpush  |3 (RuTPU)RU\TPU\subj\52252  |9 70738 
610 1 |a энергетические ресурсы 
610 1 |a промышленные предприятия 
610 1 |a лекции 
610 1 |a учебные пособия 
610 1 |a вторичные энергетические ресурсы 
610 1 |a энергопотребление 
610 1 |a использование 
610 1 |a технические проблемы 
610 1 |a показатели 
610 1 |a технико-экономическая эффективность 
675 |a 658.26(075.9)  |z rus  |v 3 
700 1 |a Вяткин  |b М. А.  |4 070 
712 0 2 |a Всесоюзный заочный политехнический институт  |2 stltpush  |3 (RuTPU)RU\TPU\col\8269 
801 0 |a RU  |b RuMRKP  |c 19950417  |g psbo 
801 1 |a RU  |b 63413507  |c 20141004 
801 2 |a RU  |b 63413507  |c 20161207  |g RCR 
942 |c BK